Littérature francaise. Le romanticisme II (1843-1869)

Guardat en:
Dades bibliogràfiques
Format: Llibre
Idioma:Undetermined
Publicat: París, Francia Arthaud 1979
Matèries:
Etiquetes: Afegir etiqueta
Sense etiquetes, Sigues el primer a etiquetar aquest registre!

MARC

LEADER 00000nam a2200000Ia 4500
008 170316s9999 xx 000 0 und d
040 |a cru BVZT 
090 |a A-840 L-3L v.13 
245 |a Littérature francaise. Le romanticisme II (1843-1869) 
260 |a París, Francia 
260 |b Arthaud 
260 |c 1979 
300 |a 565 páginas Tomo XIII 
650 |a LITERATURA FRANCESA 
650 |a ANTOLOGÍA 
999 |c 12434  |d 12434 
942 |c 15 D  |h A-840 L-3L v.13  |2 z